000 00820nam a22002177a 4500
008 090306t xxu||||| |||| 00| 0 eng d
010 _aENG-93106
020 _a9788190728171
_c99.99
035 _aEN-76639
037 _bDBAD / PUB
040 _adpl
_bEnglish
082 _a658.15
100 _aSasikumar, G.
245 _aEvaluation of financial performance:
_cby G. Sasikumar
_b(a case study of Ponni Sugars) /
260 _aTiruvannamalai
_bImage Computers
_c2008
270 _a52, Car Street,
_bTiruvannamalai
300 _a76p.
_c20cm (pbk)
500 _aIncludes references
942 _2ddc
_cEN
_mSAS
_h658.15
999 _c24951
_d24951